[Event "2. Bundesliga Ost 2009/2010"]
[Site "17+18.10Zwettl14+15.11Poechlarn"]
[Date "2010.02.20"]
[Round "7"]
[Board "3"]
[White "Todor, Razvan"]
[Black "Herndlbauer, Martin"]
[Result "1-0"]
[WhiteElo "2201"]
[BlackElo "2156"]
[PlyCount "57"]
[EventDate "2009.10.17"]
[EventType "team"]
[EventRounds "11"]
[EventCountry "AUT"]
[WhiteTeam "1. Wr. Neustaedter SV"]
[BlackTeam "SK Advisory Invest Baden"]

1.c4 e5 2.g3 d5 3.cxd5 Qxd5 4.Nf3 c5 5.Nc3 Qe6 6.Bg2 Nc6 7.Nb5 Qe7 8.d3 f6 9.Be3
Rb8 10.Nd2 a6 11.Nc3 Bd7 12.Nce4 b6 13.Nc4 Qe6 14.f4 b5 15.f5 Qe7 16.Ncd6+ Kd8
17.Bxc5 Be8 18.Rc1 Qc7 19.Qd2 Nh6 20.O-O Bd7 21.e3 b4 22.d4 Qa5 23.dxe5 Nxe5
24.a3 Nc6 25.axb4 Rxb4 26.Bxb4 Qxb4 27.Qd5 Qb6 28.Nc5 Bxd6 29.Qxd6

[Event "2. Bundesliga Ost 2009/2010"]
[Site "17+18.10Zwettl14+15.11Poechlarn"]
[Date "2010.02.20"]
[Round "7"]
[Board "4"]
[White "Kamaryt, Thomas"]
[Black "Steiner, Adam"]
[Result "1/2-1/2"]
[WhiteElo "2073"]
[BlackElo "2188"]
[PlyCount "28"]
[EventDate "2009.10.17"]
[EventType "team"]
[EventRounds "11"]
[EventCountry "AUT"]
[WhiteTeam "SK Advisory Invest Baden"]
[BlackTeam "1. Wr. Neustaedter SV"]

1.Nf3 c5 2.e3 Nc6 3.d4 e6 4.Be2 Nf6 5.O-O b6 6.b3 Bb7 7.Bb2 d5 8.c4 cxd4 9.Nxd4
Nxd4 10.Bxd4 Be7 11.cxd5 Qxd5 12.Bf3 Qd7 13.Nc3 Rd8 14.Qe2 O-O

[Event "2. Bundesliga Ost 2009/2010"]
[Site "17+18.10Zwettl14+15.11Poechlarn"]
[Date "2010.02.20"]
[Round "7"]
[Board "5"]
[White "Wiedner, Robert"]
[Black "Geismann, Bernhard"]
[Result "0-1"]
[WhiteElo "2199"]
[BlackElo "2108"]
[PlyCount "42"]
[EventDate "2009.10.17"]
[EventType "team"]
[EventRounds "11"]
[EventCountry "AUT"]
[WhiteTeam "1. Wr. Neustaedter SV"]
[BlackTeam "SK Advisory Invest Baden"]

1.d4 Nf6 2.c4 c5 3.Nf3 cxd4 4.Nxd4 e5 5.Nc2 d5 6.cxd5 Qxd5 7.Qxd5 Nxd5 8.g3 Nc6
9.Bg2 Be6 10.O-O Bc5 11.Nd2 O-O 12.Ne4 Bb6 13.Ng5 Rad8 14.Nxe6 fxe6 15.e3 Nf6
16.Na3 e4 17.Nc4 Nb4 18.Nd2 Nc2 19.Rb1 Nxe3 20.Re1 Neg4 21.Rf1 e3

[Event "2. Bundesliga Ost 2009/2010"]
[Site "17+18.10Zwettl14+15.11Poechlarn"]
[Date "2010.02.20"]
[Round "7"]
[Board "6"]
[White "Zechner, Andrea"]
[Black "Ganauser, Eduard"]
[Result "0-1"]
[WhiteElo "1987"]
[BlackElo "2105"]
[PlyCount "72"]
[EventDate "2009.10.17"]
[EventType "team"]
[EventRounds "11"]
[EventCountry "AUT"]
[WhiteTeam "SK Advisory Invest Baden"]
[BlackTeam "1. Wr. Neustaedter SV"]

1.d4 Nf6 2.c4 e6 3.Nc3 Bb4 4.e3 b6 5.Nge2 Bb7 6.a3 Be7 7.Nf4 d6 8.d5 e5 9.Nh5
Nxh5 10.Qxh5 g6 11.Qh6 Bf8 12.Qh3 Bc8 13.Qg3 f5 14.e4 Qf6 15.Bd3 Bg7 16.f3 O-O
17.b4 a5 18.Rb1 axb4 19.axb4 Kh8 20.Qf2 Nd7 21.Nb5 Qd8 22.O-O Nf6 23.Bg5 Qd7
24.Qc2 c6 25.dxc6 Qxc6 26.exf5 Bxf5 27.Bxf5 gxf5 28.Rfd1 Ne8 29.Rd5 Rc8 30.Be7
Qxd5 31.Bxf8 Qxb5 32.Qxf5 Qxc4 33.Rd1 Bxf8 34.Qxf8+ Qg8 35.Qf5 Rc7 36.Rxd6 Nxd6

[Event "2. Bundesliga Ost 2009/2010"]
[Site "17+18.10Zwettl14+15.11Poechlarn"]
[Date "2010.02.20"]
[Round "7"]
[Board "1"]
[White "Videki, Sandor"]
[Black "Froschauer, Hans"]
[Result "1-0"]
[WhiteElo "2450"]
[BlackElo "2126"]
[PlyCount "47"]
[EventDate "2009.10.17"]
[EventType "team"]
[EventRounds "11"]
[EventCountry "AUT"]
[WhiteTeam "Spg Data Technology Eichgraben/P."]
[BlackTeam "ASVOE Pamhagen"]

1.e4 c5 2.Nf3 Nc6 3.d4 cxd4 4.Nxd4 g6 5.c4 Bg7 6.Be3 Nf6 7.Nc3 O-O 8.Be2 d6
9.O-O Bd7 10.Qd2 Ng4 11.Bxg4 Bxg4 12.Rac1 a6 13.Nxc6 bxc6 14.Bh6 Bxh6 15.Qxh6
Be6 16.b3 Qa5 17.Rfe1 Qe5 18.f4 Qd4+ 19.Kh1 f6 20.f5 gxf5 21.Ne2 Qc5 22.Nf4 Bf7
23.Rc3 Kh8 24.Rh3

[Event "2. Bundesliga Ost 2009/2010"]
[Site "17+18.10Zwettl14+15.11Poechlarn"]
[Date "2010.02.20"]
[Round "7"]
[Board "2"]
[White "Orlovic, Veljko"]
[Black "Ganaus, Hannes"]
[Result "1/2-1/2"]
[WhiteElo "2122"]
[BlackElo "2281"]
[PlyCount "155"]
[EventDate "2009.10.17"]
[EventType "team"]
[EventRounds "11"]
[EventCountry "AUT"]
[WhiteTeam "ASVOE Pamhagen"]
[BlackTeam "Spg Data Technology Eichgraben/P."]

1.d4 Nf6 2.Nf3 c5 3.d5 b5 4.a4 b4 5.c4 e6 6.dxe6 fxe6 7.g3 Be7 8.Bg2 Bb7 9.O-O
O-O 10.b3 Nc6 11.Bb2 Qc7 12.Nbd2 Rae8 13.Qc2 Ba8 14.e3 Ng4 15.Ne4 Nce5 16.Nxe5
Nxe5 17.f4 Ng4 18.Qe2 Nh6 19.Rfd1 d6 20.Rd2 Rd8 21.Rc1 Bc6 22.Ng5 Bxg5 23.fxg5
Nf5 24.e4 Ne7 25.Bh3 e5 26.Rcd1 Bb7 27.Be6+ Kh8 28.h4 Nc6 29.Rf1 Nd4 30.Bxd4
cxd4 31.Rd3 Qe7 32.Bf5 g6 33.Bh3 Rxf1+ 34.Bxf1 Rf8 35.Rf3 Rxf3 36.Qxf3 Kg7
37.Qg4 Bc6 38.Bd3 Bd7 39.Qf3 Qf7 40.Kf2 Bg4 41.Qxf7+ Kxf7 42.Ke1 Ke7 43.Kd2 Kd8
44.Bc2 Kc7 45.Bd3 Kb6 46.Bc2 Kc5 47.Bd3 Bd7 48.Kc2 Bc6 49.Kb2 Bd7 50.Kc2 Kb6
51.Kd2 Ka5 52.Bc2 Bc6 53.Kd3 Kb6 54.Bd1 Bd7 55.g4 Kc5 56.h5 Be6 57.Be2 a5 58.Bd1
Bf7 59.h6 Be6 60.Kc2 Bc8 61.Kd3 Bb7 62.Bc2 Bc6 63.Bd1 Bd7 64.Kc2 Be8 65.Kd3 Bf7
66.Kc2 Be8 67.Kd3 Bc6 68.Bc2 Bb7 69.Bd1 Bc8 70.Kd2 Be6 71.Kd3 Bf7 72.Bc2 Bg8
73.Bd1 Be6 74.Kc2 Bc8 75.Kd3 Ba6 76.Bc2 Bb7 77.Bd1 Bc6 78.Bc2

[Event "2. Bundesliga Ost 2009/2010"]
[Site "17+18.10Zwettl14+15.11Poechlarn"]
[Date "2010.02.20"]
[Round "7"]
[Board "4"]
[White "Horvath, Maria"]
[Black "Weissenbeck, Manuel"]
[Result "0-1"]
[WhiteElo "2001"]
[BlackElo "2252"]
[PlyCount "58"]
[EventDate "2009.10.17"]
[EventType "team"]
[EventRounds "11"]
[EventCountry "AUT"]
[WhiteTeam "ASVOE Pamhagen"]
[BlackTeam "Spg Data Technology Eichgraben/P."]

1.d4 Nf6 2.c4 e6 3.Nc3 Bb4 4.Nf3 b6 5.Bg5 h6 6.Bh4 Bb7 7.Qb3 c5 8.a3 Bxc3+
9.Qxc3 g5 10.Bg3 Ne4 11.Qd3 d6 12.Nd2 f5 13.Nxe4 Bxe4 14.Qe3 Nc6 15.dxc5 dxc5
16.f3 Nd4 17.Kf2 O-O 18.fxe4 Nc2 19.Qc3 Nxa1 20.Be5 fxe4+ 21.Ke1 e3 22.g3 Qd7
23.Bh3 Rad8 24.Qd3 Qf7 25.Bd6 Nc2+ 26.Kd1 Nd4 27.Bxf8 Qxf8 28.Rf1 Nf5 29.Rxf5
Rxd3+

[Event "2. Bundesliga Ost 2009/2010"]
[Site "17+18.10Zwettl14+15.11Poechlarn"]
[Date "2010.02.20"]
[Round "7"]
[Board "5"]
[White "Hechl, Gerald"]
[Black "Rusek, Walter"]
[Result "1-0"]
[WhiteElo "2244"]
[BlackElo "1849"]
[PlyCount "59"]
[EventDate "2009.10.17"]
[EventType "team"]
[EventRounds "11"]
[EventCountry "AUT"]
[WhiteTeam "Spg Data Technology Eichgraben/P."]
[BlackTeam "ASVOE Pamhagen"]

1.e4 e6 2.Nf3 d5 3.e5 c5 4.b4 c4 5.c3 Bd7 6.a4 a5 7.b5 Bc5 8.d3 Qb6 9.Qc2 cxd3
10.Bxd3 Ne7 11.O-O Bc8 12.Nbd2 Nd7 13.Nb3 Qc7 14.Re1 b6 15.Bf4 Bb7 16.Bg3 h6
17.Qe2 O-O-O 18.Nfd4 Kb8 19.Rac1 Ka7 20.Rc2 Rc8 21.Rb1 Bxd4 22.cxd4 Qb8 23.Rxc8
Rxc8 24.Qd2 Rc7 25.Nxa5 Qc8 26.Nb3 Nf5 27.Bxf5 exf5 28.e6 Nf6 29.Bxc7 Qxc7
30.exf7

[Event "2. Bundesliga Ost 2009/2010"]
[Site "17+18.10Zwettl14+15.11Poechlarn"]
[Date "2010.02.20"]
[Round "7"]
[Board "1"]
[White "Blatny, Pavel"]
[Black "Denk, Adolf"]
[Result "1/2-1/2"]
[WhiteElo "2407"]
[BlackElo "2257"]
[PlyCount "112"]
[EventDate "2009.10.17"]
[EventType "team"]
[EventRounds "11"]
[EventCountry "AUT"]
[WhiteTeam "SK Zwettl"]
[BlackTeam "SK St. Poelten"]

1.b3 e5 2.Bb2 Nc6 3.e3 Nf6 4.g3 g6 5.Bg2 Bg7 6.d3 O-O 7.Nd2 d6 8.Ne2 Be6 9.h3
Nd7 10.a3 Qe7 11.c4 Nd8 12.d4 f5 13.O-O Kh8 14.Qc2 Bg8 15.Rae1 c6 16.dxe5 dxe5
17.e4 f4 18.gxf4 exf4 19.Nf3 Ne6 20.Rd1 g5 21.Ned4 Nxd4 22.Nxd4 Be6 23.Rd2 Ne5
24.f3 Rad8 25.Rfd1 h5 26.Nxe6 Rxd2 27.Rxd2 Qxe6 28.Qd1 Rf6 29.c5 Qe7 30.b4 g4
31.hxg4 hxg4 32.Rd8+ Rf8 33.Rxf8+ Qxf8 34.Bxe5 Bxe5 35.fxg4 Qf6 36.Kf1 Kg8
37.Bf3 Kf8 38.Qd7 Qe7 39.Qf5+ Kg7 40.g5 Bb2 41.Bh5 f3 42.Qg6+ Kf8 43.Bg4 Qf7
44.Qd6+ Qe7 45.g6 Be5 46.Qd3 Qf6 47.Bf5 f2 48.Qd7 Bg3 49.Kg2 Bh4 50.Qd6+ Kg7
51.Qxf6+ Bxf6 52.Bc8 Bb2 53.Bxb7 Bxa3 54.b5 Bxc5 55.bxc6 Bb6 56.Ba6 Kxg6

[Event "2. Bundesliga Ost 2009/2010"]
[Site "17+18.10Zwettl14+15.11Poechlarn"]
[Date "2010.02.20"]
[Round "7"]
[Board "2"]
[White "Sadilek, Maximilian"]
[Black "Spirin, Oleg"]
[Result "1/2-1/2"]
[WhiteElo "2207"]
[BlackElo "2449"]
[PlyCount "42"]
[EventDate "2009.10.17"]
[EventType "team"]
[EventRounds "11"]
[EventCountry "AUT"]
[WhiteTeam "SK St. Poelten"]
[BlackTeam "SK Zwettl"]

1.e4 c5 2.Nf3 d6 3.d4 cxd4 4.Nxd4 Nf6 5.Nc3 a6 6.Bc4 e6 7.Bb3 Nc6 8.Be3 Na5 9.g4
h6 10.f3 b5 11.Qd2 Qc7 12.h4 Nxb3 13.axb3 Bb7 14.O-O-O Rc8 15.g5 Nh5 16.g6 b4
17.gxf7+ Qxf7 18.Na4 e5 19.Nf5 d5 20.Nb6 Rd8 21.Qh2 Qf6

[Event "2. Bundesliga Ost 2009/2010"]
[Site "17+18.10Zwettl14+15.11Poechlarn"]
[Date "2010.02.20"]
[Round "7"]
[Board "3"]
[White "Pisk, Petr"]
[Black "Steiner, Bruno"]
[Result "0-1"]
[WhiteElo "2346"]
[BlackElo "2184"]
[PlyCount "76"]
[EventDate "2009.10.17"]
[EventType "team"]
[EventRounds "11"]
[EventCountry "AUT"]
[WhiteTeam "SK Zwettl"]
[BlackTeam "SK St. Poelten"]

1.e4 e5 2.Nf3 Nc6 3.d4 exd4 4.Bc4 Bc5 5.O-O d6 6.Bb5 Bg4 7.Nbd2 Nge7 8.Nb3 O-O
9.Be2 Bxf3 10.Bxf3 Bb6 11.g3 d5 12.exd5 Nxd5 13.c4 Nde7 14.c5 Ba5 15.Nxa5 Nxa5
16.b4 Nac6 17.Qb3 a5 18.b5 a4 19.Qd1 Ne5 20.Bxb7 Rb8 21.Bg2 Rxb5 22.Qxa4 c6
23.Rd1 Nf5 24.Bf4 Rxc5 25.Bxe5 Rxe5 26.Qxc6 g6 27.Bh3 Rd5 28.Rd3 Ne7 29.Qb7 Rd6
30.Re1 Nc6 31.Bg2 Qa5 32.Red1 Rb8 33.Qxc6 Rxc6 34.Bxc6 Rb2 35.Rxd4 Qc5 36.Be4 f5
37.Bf3 Qc2 38.Bd5+ Kg7

[Event "2. Bundesliga Ost 2009/2010"]
[Site "17+18.10Zwettl14+15.11Poechlarn"]
[Date "2010.02.20"]
[Round "7"]
[Board "4"]
[White "Juenger, Heinz"]
[Black "Vyskocil, Neklan"]
[Result "0-1"]
[WhiteElo "2086"]
[BlackElo "2355"]
[PlyCount "64"]
[EventDate "2009.10.17"]
[EventType "team"]
[EventRounds "11"]
[EventCountry "AUT"]
[WhiteTeam "SK St. Poelten"]
[BlackTeam "SK Zwettl"]

1.d4 Nf6 2.c4 e6 3.Nf3 b6 4.g3 Bb7 5.Bg2 Be7 6.O-O O-O 7.Nc3 Ne4 8.Qc2 Nxc3
9.Qxc3 d6 10.Rd1 Nd7 11.b3 Be4 12.Bb2 f5 13.Ne1 Nf6 14.f3 Bb7 15.Qe3 Qd7 16.Nd3
Rae8 17.Nf4 Bd8 18.h4 Qf7 19.Nd3 Nh5 20.Qf2 f4 21.g4 Ng3 22.e3 Bxh4 23.exf4 g5
24.fxg5 Bxf3 25.Bxf3 Qxf3 26.Qxf3 Rxf3 27.Kg2 Ref8 28.c5 Ne4 29.cxd6 cxd6
30.Rac1 Nf2 31.Nxf2 Rxf2+ 32.Kh3 R8f3+

[Event "2. Bundesliga Ost 2009/2010"]
[Site "17+18.10Zwettl14+15.11Poechlarn"]
[Date "2010.02.20"]
[Round "7"]
[Board "5"]
[White "Janetschek, Karl"]
[Black "Sekyra, Michael"]
[Result "1-0"]
[WhiteElo "2280"]
[BlackElo "2155"]
[PlyCount "117"]
[EventDate "2009.10.17"]
[EventType "team"]
[EventRounds "11"]
[EventCountry "AUT"]
[WhiteTeam "SK Zwettl"]
[BlackTeam "SK St. Poelten"]

1.e4 c5 2.Nf3 d6 3.d4 cxd4 4.Nxd4 Nf6 5.Nc3 a6 6.f4 e6 7.Qf3 Nbd7 8.Be3 Qc7 9.g4
b5 10.g5 b4 11.gxf6 bxc3 12.fxg7 Bxg7 13.b3 Nc5 14.f5 Bxd4 15.Bxd4 e5 16.Bxc5
Qxc5 17.Rd1 Bb7 18.Bc4 Rg8 19.Bd5 Rg1+ 20.Ke2 Rxh1 21.Qxh1 Bxd5 22.Rxd5 Qa3
23.Qg1 Qb4 24.Kd3 O-O-O 25.Qa7 Rd7 26.Qxa6+ Kd8 27.f6 Kc7 28.Qc4+ Qxc4+ 29.Kxc4
Rd8 30.Rd3 Kd7 31.b4 Ke6 32.b5 Kxf6 33.b6 Ke6 34.Kb5 Kd7 35.Rxc3 d5 36.Rc7+ Kd6
37.Rxf7 dxe4 38.b7 e3 39.Rf3 e2 40.Re3 Kc7 41.Rxe2 Rd5+ 42.Kb4 Kxb7 43.c4 Rd7
44.Rxe5 Rd2 45.Re7+ Kc6 46.Rxh7 Rxa2 47.Rh6+ Kc7 48.h4 Rf2 49.Kb5 Rb2+ 50.Kc5
Rf2 51.Rh7+ Kc8 52.Kc6 Rf6+ 53.Kb5 Re6 54.c5 Rf6 55.h5 Re6 56.Rg7 Rh6 57.c6
Rxh5+ 58.Kb6 Rh8 59.Ra7

[Event "2. Bundesliga Ost 2009/2010"]
[Site "17+18.10Zwettl14+15.11Poechlarn"]
[Date "2010.02.20"]
[Round "7"]
[Board "6"]
[White "Kammerer, Roman"]
[Black "Stadler, Peter"]
[Result "1-0"]
[WhiteElo "2099"]
[BlackElo "2169"]
[PlyCount "91"]
[EventDate "2009.10.17"]
[EventType "team"]
[EventRounds "11"]
[EventCountry "AUT"]
[WhiteTeam "SK St. Poelten"]
[BlackTeam "SK Zwettl"]

1.e4 c5 2.c3 Nf6 3.e5 Nd5 4.d4 cxd4 5.cxd4 Nc6 6.Nf3 e6 7.Nc3 Nxc3 8.bxc3 d6
9.exd6 Bxd6 10.Bd3 Be7 11.O-O O-O 12.Re1 b6 13.Bf4 Bf6 14.Ne5 Nxe5 15.dxe5 Bg5
16.Bxh7+ Kxh7 17.Qh5+ Bh6 18.Re3 Rh8 19.Bxh6 g6 20.Qg5 Bb7 21.Rh3 Kg8 22.Rg3 Bd5
23.h4 Qxg5 24.Bxg5 Kh7 25.Bf6 Rhc8 26.Kf1 Rc4 27.Ke2 Rac8 28.Kd2 Ra4 29.a3 b5
30.h5 g5 31.Rxg5 a5 32.Rg7+ Kh6 33.g4 b4 34.cxb4 axb4 35.Rxf7 bxa3 36.Bg7+ Kg5
37.Bf6+ Kh6 38.f4 Rxf4 39.Bg7+ Kg5 40.Bh6+ Kxg4 41.Rxf4+ Kxh5 42.Bf8 a2 43.Bb4
Kg5 44.Rf8 Rxf8 45.Bxf8 Kf4 46.Bd6

[Event "2. Bundesliga Ost 2009/2010"]
[Site "17+18.10Zwettl14+15.11Poechlarn"]
[Date "2010.02.20"]
[Round "7"]
[Board "2"]
[White "Staudner, Oliver"]
[Black "Heiny, Johannes"]
[Result "0-1"]
[WhiteElo "2405"]
[BlackElo "2245"]
[PlyCount "72"]
[EventDate "2009.10.17"]
[EventType "team"]
[EventRounds "11"]
[EventCountry "AUT"]
[WhiteTeam "Austria Wien"]
[BlackTeam "Aljechin/Wieden"]

1.e4 e6 2.d4 d5 3.Nc3 Nf6 4.e5 Nfd7 5.f4 c5 6.Nf3 Nc6 7.Be3 Qb6 8.Qd2 Qxb2 9.Rb1
Qa3 10.Be2 a6 11.O-O cxd4 12.Nxd4 Nxd4 13.Bxd4 Bc5 14.Kh1 O-O 15.Rf3 Bxd4
16.Qxd4 Qc5 17.Qd3 b5 18.Rh3 f5 19.Bf3 Bb7 20.Ne2 Qb6 21.Nd4 Nc5 22.Qe3 Rac8
23.g4 Ne4 24.Rd1 Rc3 25.Rd3 b4 26.gxf5 exf5 27.Bxe4 dxe4 28.Rxc3 bxc3 29.Rg3
Qb1+ 30.Kg2 Qd1 31.Ne6 Qd2+ 32.Kf1 Bd5 33.Rxg7+ Kh8 34.Qc5 Qd1+ 35.Kf2 e3+
36.Kxe3 Qd2#

[Event "2. Bundesliga Ost 2009/2010"]
[Site "17+18.10Zwettl14+15.11Poechlarn"]
[Date "2010.02.20"]
[Round "7"]
[Board "3"]
[White "Groetz, Harald"]
[Black "Hangweyrer, Manfred"]
[Result "1-0"]
[WhiteElo "2332"]
[BlackElo "2348"]
[PlyCount "59"]
[EventDate "2009.10.17"]
[EventType "team"]
[EventRounds "11"]
[EventCountry "AUT"]
[WhiteTeam "Aljechin/Wieden"]
[BlackTeam "Austria Wien"]

1.e4 c6 2.d4 d5 3.Nd2 dxe4 4.Nxe4 Bf5 5.Ng3 Bg6 6.h4 h6 7.Nf3 Nd7 8.h5 Bh7 9.Bd3
Bxd3 10.Qxd3 Qc7 11.Bd2 Ngf6 12.O-O-O e6 13.Ne4 O-O-O 14.g3 Nxe4 15.Qxe4 Nf6
16.Qe2 Rd5 17.Bf4 Qa5 18.c4 Rxh5 19.Ne5 Rxh1 20.Rxh1 Bd6 21.Nxf7 Bxf4+ 22.gxf4
Qxa2 23.Qxe6+ Nd7 24.Rh3 Qa1+ 25.Kc2 Rf8 26.Rb3 Qa4 27.Nd6+ Kc7 28.Nxb7 Nb6
29.Qe7+ Kb8 30.Nd6

[Event "2. Bundesliga Ost 2009/2010"]
[Site "17+18.10Zwettl14+15.11Poechlarn"]
[Date "2010.02.20"]
[Round "7"]
[Board "4"]
[White "Nagy, Bence"]
[Black "Schlosser, Michael"]
[Result "1/2-1/2"]
[WhiteElo "2305"]
[BlackElo "2345"]
[PlyCount "81"]
[EventDate "2009.10.17"]
[EventType "team"]
[EventRounds "11"]
[EventCountry "AUT"]
[WhiteTeam "Austria Wien"]
[BlackTeam "Aljechin/Wieden"]

1.e4 g6 2.d4 Bg7 3.Nc3 d6 4.Be2 Nc6 5.Be3 e5 6.dxe5 Nxe5 7.Nf3 Nxf3+ 8.gxf3 f5
9.Qd2 Nf6 10.O-O-O Qe7 11.Bg5 O-O 12.Nd5 Qf7 13.Bxf6 Bxf6 14.Bc4 Kh8 15.Nb6 Be6
16.Bxe6 Qxe6 17.Nxa8 Qxa2 18.c3 Rxa8 19.exf5 gxf5 20.Qd5 Qxd5 21.Rxd5 Be5 22.Kc2
f4 23.Rg1 a5 24.Rb5 b6 25.Kd3 Ra6 26.Ke4 c6 27.Rb3 b5 28.c4 b4 29.c5 dxc5 30.Rd3
Bd4 31.b3 a4 32.bxa4 Rxa4 33.Kxf4 b3 34.Kf5 Rb4 35.f4 b2 36.Rdd1 Rb8 37.Ke6 Bxf2
38.Rgf1 Bd4 39.f5 Kg7 40.f6+ Kf8 41.Kd7

[Event "2. Bundesliga Ost 2009/2010"]
[Site "17+18.10Zwettl14+15.11Poechlarn"]
[Date "2010.02.20"]
[Round "7"]
[Board "5"]
[White "Zetthofer, Gerald"]
[Black "Druckenthaner, Andreas"]
[Result "0-1"]
[WhiteElo "2249"]
[BlackElo "2296"]
[PlyCount "80"]
[EventDate "2009.10.17"]
[EventType "team"]
[EventRounds "11"]
[EventCountry "AUT"]
[WhiteTeam "Aljechin/Wieden"]
[BlackTeam "Austria Wien"]

1.c4 f5 2.Nf3 Nf6 3.g3 d6 4.d4 e6 5.Bg2 Be7 6.O-O O-O 7.b3 Ne4 8.Bb2 Bf6 9.Nbd2
Nc6 10.Qc2 Nxd2 11.Qxd2 e5 12.Rad1 Qe7 13.e3 a5 14.Ne1 e4 15.f4 exf3 16.Nxf3 Bd7
17.Rde1 a4 18.b4 b5 19.c5 dxc5 20.bxc5 a3 21.Bc3 Ra4 22.d5 Ne5 23.Nxe5 Bxe5
24.Bxe5 Qxe5 25.c6 Bc8 26.Rf4 Qb2 27.Re2 Qb1+ 28.Qe1 Qd3 29.Qd2 Qb1+ 30.Kf2 Rd8
31.Qc3 b4 32.Qe5 Ba6 33.Qxc7 Rf8 34.Qe5 Bxe2 35.Qe6+ Kh8 36.Kxe2 Qxa2+ 37.Kf1
Qb1+ 38.Kf2 a2 39.Qe7 Raa8 40.Rxb4 Qc2+

[Event "2. Bundesliga Ost 2009/2010"]
[Site "17+18.10Zwettl14+15.11Poechlarn"]
[Date "2010.02.20"]
[Round "7"]
[Board "6"]
[White "Rogetzer, Klaus"]
[Black "Batyte, Daiva"]
[Result "1/2-1/2"]
[WhiteElo "2073"]
[BlackElo "2124"]
[PlyCount "139"]
[EventDate "2009.10.17"]
[EventType "team"]
[EventRounds "11"]
[EventCountry "AUT"]
[WhiteTeam "Austria Wien"]
[BlackTeam "Aljechin/Wieden"]

1.d4 Nf6 2.c4 e6 3.Nc3 Bb4 4.Qc2 d5 5.cxd5 exd5 6.a3 Be7 7.Bg5 c6 8.e3 h6 9.Bh4
Ne4 10.Bxe7 Qxe7 11.Nxd5 cxd5 12.Qxc8+ Qd8 13.Bb5+ Ke7 14.Qxb7+ Nd7 15.Nf3 Rb8
16.Qxd7+ Qxd7 17.Bxd7 Kxd7 18.Ne5+ Ke6 19.Nd3 Rhc8 20.f3 Rb3 21.Nf4+ Kd6 22.fxe4
Rxe3+ 23.Kd2 Rxe4 24.Ne2 Rce8 25.Rhe1 f5 26.Nc3 Rxd4+ 27.Kc2 Rxe1 28.Rxe1 Rg4
29.Re2 a6 30.Rd2 d4 31.b4 g5 32.Na4 Kc6 33.Kd3 Kb5 34.Nb2 a5 35.bxa5 Kxa5 36.Kc4
h5 37.Kc5 Ka6 38.Nc4 Re4 39.Rxd4 Re2 40.Rd2 Re4 41.Nd6 Ra4 42.Nc4 f4 43.Rd6+ Kb7
44.Kb5 Ra8 45.Rd7+ Kb8 46.Rd8+ Ka7 47.Rd7+ Kb8 48.Kb6 Kc8 49.Ra7 Rxa7 50.Kxa7
Kc7 51.a4 g4 52.Nd2 h4 53.Ka6 Kc6 54.Ka5 Kc5 55.Nf1 Kd4 56.Kb4 Kd3 57.a5 Ke2
58.a6 Kxf1 59.a7 Kxg2 60.a8=Q+ Kxh2 61.Qa2+ Kg3 62.Qe2 f3 63.Qf1 f2 64.Kc3 Kf3
65.Kd2 h3 66.Qh1+ Kg3 67.Ke2 h2 68.Ke3 f1=Q 69.Qxf1 h1=Q 70.Qxh1

[Event "2. Bundesliga Ost 2009/2010"]
[Site "17+18.10Zwettl14+15.11Poechlarn"]
[Date "2010.02.20"]
[Round "7"]
[Board "1"]
[White "Farago, Ivan"]
[Black "Riedner, Martin"]
[Result "1-0"]
[WhiteElo "2511"]
[BlackElo "2189"]
[PlyCount "65"]
[EventDate "2009.10.17"]
[EventType "team"]
[EventRounds "11"]
[EventCountry "AUT"]
[WhiteTeam "ASVOE VHS Poechlarn"]
[BlackTeam "ASVOE SK Mattersburg"]

1.d4 e6 2.c4 c5 3.d5 exd5 4.cxd5 d6 5.Nc3 Ne7 6.e4 Ng6 7.Nf3 Be7 8.h3 O-O 9.Bd3
Nd7 10.O-O a6 11.a4 Bf6 12.Bd2 Nde5 13.Nxe5 Bxe5 14.f4 Bd4+ 15.Kh1 f5 16.exf5
Bxf5 17.Bxf5 Rxf5 18.Qg4 Rf7 19.Rae1 Kh8 20.Ne4 Bf6 21.Bc3 Bxc3 22.Ng5 Re7
23.bxc3 Qg8 24.Re6 Rxe6 25.dxe6 Qe8 26.Nf7+ Kg8 27.f5 Ne5 28.Nxe5 dxe5 29.f6 Qg6
30.f7+ Kf8 31.Qh4 Qxe6 32.Qxh7 Ke7 33.Qh4+

[Event "2. Bundesliga Ost 2009/2010"]
[Site "17+18.10Zwettl14+15.11Poechlarn"]
[Date "2010.02.20"]
[Round "7"]
[Board "2"]
[White "Brod, Manfred"]
[Black "Kostic, Vladimir"]
[Result "0-1"]
[WhiteElo "2165"]
[BlackElo "2430"]
[PlyCount "64"]
[EventDate "2009.10.17"]
[EventType "team"]
[EventRounds "11"]
[EventCountry "AUT"]
[WhiteTeam "ASVOE SK Mattersburg"]
[BlackTeam "ASVOE VHS Poechlarn"]

1.e4 c5 2.Nf3 e6 3.d4 cxd4 4.Nxd4 Nf6 5.Nc3 Nc6 6.Ndb5 d6 7.Bf4 e5 8.Bg5 a6
9.Na3 b5 10.Bxf6 gxf6 11.Nd5 Bg7 12.Bd3 Ne7 13.Nxe7 Qxe7 14.Qf3 f5 15.c3 d5
16.Qg3 Kf8 17.f3 b4 18.Nb1 Bf6 19.Qf2 dxe4 20.fxe4 f4 21.cxb4 Qxb4+ 22.Nc3 Be6
23.O-O Rg8 24.Nd5 Bxd5 25.exd5 Rd8 26.Rac1 Rxd5 27.Rc8+ Kg7 28.Rxg8+ Kxg8
29.Bxa6 Rd2 30.Qa7 Rxb2 31.Bd3 Kg7 32.Qa8 Qd4+

[Event "2. Bundesliga Ost 2009/2010"]
[Site "17+18.10Zwettl14+15.11Poechlarn"]
[Date "2010.02.20"]
[Round "7"]
[Board "3"]
[White "Rumpl, Erwin"]
[Black "Salamon, Werner"]
[Result "1-0"]
[WhiteElo "2334"]
[BlackElo "2130"]
[PlyCount "147"]
[EventDate "2009.10.17"]
[EventType "team"]
[EventRounds "11"]
[EventCountry "AUT"]
[WhiteTeam "ASVOE VHS Poechlarn"]
[BlackTeam "ASVOE SK Mattersburg"]

1.Nf3 Nf6 2.g3 d5 3.Bg2 Bf5 4.O-O e6 5.d4 h6 6.c4 c6 7.Nc3 Be7 8.Nd2 O-O 9.e4
dxe4 10.Ndxe4 Nxe4 11.Nxe4 Nd7 12.Be3 Nf6 13.Nc3 Ng4 14.Bf4 Nf6 15.Qd2 Bd6
16.Rfe1 Bxf4 17.Qxf4 Bg6 18.Rad1 Qa5 19.a3 Rad8 20.Qe5 Qxe5 21.dxe5 Nd7 22.Rd6
Nb6 23.Bf1 Nc8 24.Rdd1 Bc2 25.Rc1 Rd2 26.Re2 Rxe2 27.Bxe2 Bb3 28.Ne4 Rd8 29.Rc3
Ba2 30.f3 Bb1 31.Nc5 Rd2 32.Bd3 Rxb2 33.Na4 Rd2 34.Bxb1 Rd1+ 35.Kg2 Rxb1 36.Rd3
Nb6 37.Rd8+ Kh7 38.Nc5 Rb2+ 39.Kh3 Nxc4 40.Nd7 h5 41.Rf8 Ne3 42.g4 hxg4+ 43.fxg4
Nf1 44.Kh4 Kg6 45.h3 Ne3 46.Rg8 Kh7 47.Re8 Ng2+ 48.Kg5 f6+ 49.Nxf6+ gxf6+
50.Kxf6 Rf2+ 51.Kxe6 Nf4+ 52.Kd6 Nd5 53.e6 Re2 54.Rb8 Rb2 55.h4 Kg6 56.g5 Rb3
57.a4 Rb4 58.a5 Rxh4 59.Rxb7 Kxg5 60.Kxc6 Nb4+ 61.Kd6 Rd4+ 62.Kc5 Re4 63.Rxb4
Rxe6 64.Rb7 Re5+ 65.Kb4 Kf6 66.Rxa7 Ke6 67.Rc7 Kd6 68.Rc3 Re7 69.a6 Rc7 70.Ra3
Ra7 71.Kb5 Kc7 72.Rh3 Kb8 73.Rh8+ Kc7 74.Rg8

[Event "2. Bundesliga Ost 2009/2010"]
[Site "17+18.10Zwettl14+15.11Poechlarn"]
[Date "2010.02.20"]
[Round "7"]
[Board "4"]
[White "Strodl, Joachim"]
[Black "Weinzettl, Ernst"]
[Result "1/2-1/2"]
[WhiteElo "2058"]
[BlackElo "2278"]
[PlyCount "111"]
[EventDate "2009.10.17"]
[EventType "team"]
[EventRounds "11"]
[EventCountry "AUT"]
[WhiteTeam "ASVOE SK Mattersburg"]
[BlackTeam "ASVOE VHS Poechlarn"]

1.e4 e6 2.Qe2 c5 3.Nf3 Nc6 4.g3 Nge7 5.Bg2 d5 6.d3 g6 7.O-O Bg7 8.c3 O-O 9.e5 h6
10.h4 Nf5 11.Bf4 b5 12.Nbd2 a5 13.Rfe1 b4 14.Nf1 bxc3 15.bxc3 Rb8 16.N1h2 a4
17.Ng4 a3 18.Rab1 Ba6 19.Nf6+ Bxf6 20.exf6 Rxb1 21.Rxb1 Qxf6 22.Rb6 Qxc3 23.Rxa6
Qb2 24.Qd1 Ncd4 25.Nxd4 Nxd4 26.Bxh6 Rb8 27.Bf4 Ne2+ 28.Kh2 Nxf4 29.gxf4 Qxf2
30.Qg4 Rb4 31.Qg3 Qxf4 32.Qxf4 Rxf4 33.Kg3 Rd4 34.Rxa3 Kg7 35.Bf1 f5 36.Ra5 Rg4+
37.Kh3 Rg1 38.Bg2 Rd1 39.Ra3 Kf6 40.Kg3 Ke5 41.Kf2 Rd2+ 42.Kf3 c4 43.dxc4 dxc4
44.Bf1 Rc2 45.Ke3 Rc1 46.Ra5+ Kf6 47.Be2 Rh1 48.h5 gxh5 49.Bxc4 Rc1 50.Be2 h4
51.Ra8 h3 52.Rh8 Rc3+ 53.Kf2 Ra3 54.Rh6+ Kg5 55.Rxe6 Rxa2 56.Kg3